00515 2200193 4500001002100000005001700021006001900038008004100057020002200098035002500120090001700145100001900162245004000181260003500221700001400256990001700270990001700287990001700304INLIS00000000000836520140307105152.0a ||| | 180719| ||| |  a978-979-29-1390-3 a0010-081300000000002 a004.65 SIR l0 aEdison Siregar00aLangsung praktik mengelola jaringan aJakartabANDI Yogyakartac20100 aHernita P a8530/PN/2013 a8530/PN/2013 a8795/PN/2013